<?xml version="1.0" encoding="UTF-8"?>
<record
    xmlns:xsi="http://www.w3.org/2001/XMLSchema-instance"
    xsi:schemaLocation="http://www.loc.gov/MARC21/slim http://www.loc.gov/standards/marcxml/schema/MARC21slim.xsd"
    xmlns="http://www.loc.gov/MARC21/slim">

  <leader>02345cam a2200253   4500500</leader>
  <controlfield tag="005">20260503041314.0</controlfield>
  <datafield tag="041" ind1=" " ind2=" ">
    <subfield code="a">fre</subfield>
  </datafield>
  <datafield tag="042" ind1=" " ind2=" ">
    <subfield code="a">dc</subfield>
  </datafield>
  <datafield tag="100" ind1="1" ind2="0">
    <subfield code="a">Glineur, Charles</subfield>
    <subfield code="e">author</subfield>
  </datafield>
  <datafield tag="700" ind1="1" ind2="0">
    <subfield code="a">Rutze, Fanny</subfield>
    <subfield code="e">author</subfield>
  </datafield>
  <datafield tag="700" ind1="1" ind2="0">
    <subfield code="a">Bossut, Elise</subfield>
    <subfield code="e">author</subfield>
  </datafield>
  <datafield tag="700" ind1="1" ind2="0">
    <subfield code="a">Lejeune, &#xC9;line</subfield>
    <subfield code="e">author</subfield>
  </datafield>
  <datafield tag="700" ind1="1" ind2="0">
    <subfield code="a">Joertz, Floriane</subfield>
    <subfield code="e">author</subfield>
  </datafield>
  <datafield tag="700" ind1="1" ind2="0">
    <subfield code="a">Seran, Lo&#xEF;c</subfield>
    <subfield code="e">author</subfield>
  </datafield>
  <datafield tag="700" ind1="1" ind2="0">
    <subfield code="a">Gianoultsis, Elena</subfield>
    <subfield code="e">author</subfield>
  </datafield>
  <datafield tag="700" ind1="1" ind2="0">
    <subfield code="a">Kumps, Audrey</subfield>
    <subfield code="e">author</subfield>
  </datafield>
  <datafield tag="700" ind1="1" ind2="0">
    <subfield code="a">Carton, Tabatha</subfield>
    <subfield code="e">author</subfield>
  </datafield>
  <datafield tag="245" ind1="0" ind2="0">
    <subfield code="a">School&#x2013;family&#x2013;residential institution relationships: Between interprofessional tension and negotiation dynamics</subfield>
  </datafield>
  <datafield tag="260" ind1=" " ind2=" ">
    <subfield code="c">2026.
							</subfield>
  </datafield>
  <datafield tag="500" ind1=" " ind2=" ">
    <subfield code="a">18</subfield>
  </datafield>
  <datafield tag="520" ind1=" " ind2=" ">
    <subfield code="a">In contexts of institutional child placement, a third actor&#x2014;the residential care institution&#x2014;is added to the school&#x2013;family relationship, transforming interactions around the child&#x2019;s schooling and generating new sources of interprofessional tension. Based on a qualitative study involving twenty-four professionals, including eighteen social workers from general residential services and six primary and secondary education professionals, this article analyzes the tensions that may hinder collaboration between the education and child protection sectors in supporting children placed in care in the Wallonia-Brussels Federation. Three main categories of tension emerge from the analysis: intersectoral misunderstanding, rooted in diverging educational goals between overall child development and academic achievement; challenges related to the regulation of information sharing, balancing professional confidentiality with the need for pedagogical contextualization; and contrasting representations of the parents&#x2019; role, fluctuating between different expectations of parental involvement. The article highlights the negotiation dynamics these tensions call for, emphasizing their structuring role in interprofessional relationship processes. It thus contributes to a better understanding of the logics of coordination or fragmentation between sectors in the schooling of children in institutional care.</subfield>
  </datafield>
  <datafield tag="786" ind1="0" ind2=" ">
    <subfield code="n">La revue internationale de l&#x2019;&#xE9;ducation familiale | 56 | 2 | 2026-03-30 | p. 73-97 | 1279-7766</subfield>
  </datafield>
  <datafield tag="856" ind1="4" ind2="1">
    <subfield code="u">https://shs.cairn.info/journal-la-revue-internationale-de-l-education-familiale-2025-2-page-73?lang=en&amp;redirect-ssocas=7080</subfield>
  </datafield>
  <datafield tag="999" ind1=" " ind2=" ">
    <subfield code="c">2228383</subfield>
    <subfield code="d">2228383</subfield>
  </datafield>
</record>
